Trouve l'anime - romance édition - Statistiques

Statistiques générales
  • Ce quiz a été pris 37 fois
  • Le résultat moyen est 9 sur 16
Statistiques - réponses
Par images Réponse % Correct
Horimiya
87%
My dress up darling
83%
Rascal does not dream about bunny girl senpai
83%
The flagrant flower bloom with dignity
83%
Call of the night
73%
Darling in the franxx
73%
Your lie in april
73%
Charlotte
60%
Clannad
57%
Plastic memories
47%
The angel next door spoils me rotten
40%
More than a married couple, but not lovers
37%
Citrus
30%
My awkward senpai
20%
Hokkaido gals are super adorable
17%
Dusk maiden of amnesia
3%
Aucun quiz correspondant
Distribution des résultats
% des personnes avec chaque résultat
Percentile par nombre de réponses
Votre historique - résultats
Vous n’avez pas pris ce quiz